000 01321cam a2200301 4500
008 020404n2003 000 0 eng u
020 _a1842190970
035 _a(Sirsi) u117360
041 _aeng
050 _a690.24
100 _aBurkinshaw, Ralph
245 _aDiagnosing damp
260 _aLondon
_bRICS
_c2003
300 _aviii, 232p.
_bill.
_c30cm.
350 _a45
520 _aA comprehensive text aimed specifically at chartered surveyors on the commonest single cause of all reported building defects. The first section introduces the science of dampness, identifies sources of moisture and considers management versus cure. The second section provides practical advice on detecting and identifying damp during surveys whilst the fourth advises on putting the guidance into practice. Includes case studies and checklists.
520 _aThis content is now maintained on isurv by Mike Parrett
650 _aBUILDING SURVEYS
650 _aDAMP
650 _aDAMPNESS
650 _aMOISTURE CONTROL
690 _aBUILT ENVIRONMENT-BUILDING INSPECTION
700 _aParrett, Mike
700 _aEvans, Stephen
700 _aThompson, Karl
856 _uhttps://www.isurv.com/site/scripts/documents.php?categoryID=1155
_ySee damp section on isurv (subscription required)
942 _n0
_2ddc
999 _c101981
_d101981